Digital design : (Record no. 811)

MARC details
000 -LEADER
fixed length control field 00689nam a22002297a 4500
003 - CONTROL NUMBER IDENTIFIER
control field OSt
005 - DATE AND TIME OF LATEST TRANSACTION
control field 20250417104503.0
008 - FIXED-LENGTH DATA ELEMENTS--GENERAL INFORMATION
fixed length control field 220322b ||||| |||| 00| 0 eng d
020 ## - INTERNATIONAL STANDARD BOOK NUMBER
International Standard Book Number 9781292231167
040 ## - CATALOGING SOURCE
Transcribing agency KCST
082 ## - DEWEY DECIMAL CLASSIFICATION NUMBER
Classification number 621.395
Item number Mo Di
100 ## - MAIN ENTRY--PERSONAL NAME
Personal name Mano, Moshe Morris
9 (RLIN) 5687
245 ## - TITLE STATEMENT
Title Digital design :
Remainder of title with a introduction to the Verilog HDL, VHDL, and SystemVerilog /
Statement of responsibility, etc. Moshe Morris Mano; Michael D Ciletti
250 ## - EDITION STATEMENT
Edition statement 6th
Remainder of edition statement Global edition.
260 ## - PUBLICATION, DISTRIBUTION, ETC.
Place of publication, distribution, etc. Harlow, UK :
Name of publisher, distributor, etc. Pearson;
Date of publication, distribution, etc. [2019] © 2019.
300 ## - PHYSICAL DESCRIPTION
Extent 710 p.
650 ## - SUBJECT ADDED ENTRY--TOPICAL TERM
Topical term or geographic name entry element VHDL
9 (RLIN) 5688
650 ## - SUBJECT ADDED ENTRY--TOPICAL TERM
Topical term or geographic name entry element VERILOG
9 (RLIN) 5689
650 ## - SUBJECT ADDED ENTRY--TOPICAL TERM
Topical term or geographic name entry element Circuit design
9 (RLIN) 5690
700 ## - ADDED ENTRY--PERSONAL NAME
Personal name Ciletti, Michael D
9 (RLIN) 5691
942 ## - ADDED ENTRY ELEMENTS (KOHA)
Source of classification or shelving scheme Dewey Decimal Classification
Koha item type Book
Holdings
Withdrawn status Lost status Source of classification or shelving scheme Damaged status Not for loan Home library Current library Date acquired Cost, normal purchase price Total checkouts Full call number Barcode Date last seen Cost, replacement price Price effective from Koha item type Source of acquisition
    Dewey Decimal Classification     KCST Library KCST Library 22/03/2022 20.20   621.395 Mo Di 1000001042 22/03/2022 20.20 22/03/2022 Course Textbook  
    Dewey Decimal Classification     KCST Library KCST Library 17/09/2023 22.00   621.395 Mo Di 1000001190 18/09/2023 22.00 18/09/2023 Course Textbook Procured - KCST-INV001
    Dewey Decimal Classification     KCST Library KCST Library 01/09/2025 22.50   621.395 Mo Di 1000001633 21/09/2025   01/09/2025 Course Textbook  
© 2025 KCST. All rights reserved